[Event "ICS Rated blitz match"]
[Site "207.99.83.229"]
[Date "1999.06.28"]
[Round "?"]
[White "Hossa"]
[Black "RedBear"]
[Result "1-0"]
[WhiteElo "2357"]
[BlackElo "2499"]
[Annotator "Fritz 5.32 (22s)"]
[PlyCount "83"]

1. d4 d5 2. c4 e6 3. cxd5 exd5 4. Nc3 Nf6 5. Nf3 c6 6. e3 Nbd7 (6... Be7 7. Qc2
O-O 8. Bd3 Nbd7 9. O-O Re8 10. Bf5 Nf8 11. Bxc8 11... Rxc8 {
- Farago,S-Le Thi Phuong Lien/FSIMA Nov, Budapest HUN 1997 (11)}) 7. Bd3 Bd6 8.
O-O O-O 9. e4 $146 (9. Qc2 Re8 10. Re1 Nf8 11. e4 dxe4 12. Nxe4 Nxe4 13. Rxe4
Rxe4 14. Bxe4 h6 15. Be3 Be6 16. Rd1 Qa5 17. Qc1 Qh5 18. a3 Nd7 19. Bf4 Bxf4
20. Qxf4 Nf6 21. Re1 Nxe4 22. Rxe4 Rf8 23. Re1 Bd5 24. Re5 Qg6 25. Rf5 Re8 26.
Nh4 26... Re1# {0-1 Huss,H-Garbe,R/OLO-B 9394 1994 (26)}) (9. h3 Re8 10. Qc2
Nf8 11. e4 dxe4 12. Nxe4 Nxe4 13. Bxe4 h6 14. Be3 Qe7 15. Bd3 Qf6 16. Nd2 Qh4
17. Bf5 Ne6 18. Nf3 Qf6 19. Bg4 Nf4 20. Bxc8 Raxc8 21. Bxf4 Qxf4 22. Rfe1 22...
Rcd8 {- Landry Vuorenpaa,S-Wijaya,N/Thessaloniki olw 1984 (22)}) 9... dxe4 10.
Nxe4 Nxe4 11. Bxe4 11... h6 {Verwehrt dem Gegner g5} 12. Re1 Nf6 13. Bc2 Bg4
14. Qd3 Kh8 (14... Bxf3 15. Qxf3 (15. gxf3 $143 15... Qd7 $17) 15... Bb4 16.
Rd1 $15) 15. Ne5 Bxe5 16. Rxe5 Qb6 17. b3 Rad8 (17... Rfe8 18. h3 Be6 19. Bb2
$14) 18. Bb2 $11 (18. Ba3 $5 18... Rg8 19. Bc5 $14) 18... Rfe8 19. Rae1 {
Es droht Matt} 19... Rxe5 20. Rxe5 Be6 21. Qc3 Qa6 22. a4 22... Nd5 {
Der Springer ist gut postiert} 23. Qf3 23... g6 $2 $18 {Befestigt f5} (23...
Re8 $11 $142 {ist noch spielbar}) 24. Bxg6 $1 {
nicht am Material kleben ist die Devise} 24... fxg6 25. Rxe6 Rg8 (25... Qb6 26.
Rxg6 Re8 27. Rxh6+ Kg7 28. Rh7+ Kxh7 29. Qf7+ Kh8 30. Qxe8+ Kg7 31. Qe5+ Kf7
32. Qh5+ 32... Kg7 $18) 26. Re7 $1 {
und der Wal spuckt Jonas wieder aus. Droht Matt: Qf7} 26... Qd3 $5 (26... Nxe7
$4 {ein fetter Happen, aber} 27. d5+ Rg7 28. Qf8+ Kh7 29. Qxg7#) 27. Qxd3 Rg7
28. Rxg7 (28. Re8+ {waere im Gewinnsinne praeziser} 28... Kh7 29. Qf3 29... Nc7
$18) 28... Kxg7 29. Qh3 h5 30. Qd7+ Kg8 31. Qc8+ Kf7 32. Qxb7+ Kf8 33. Qxc6 {
Es droht Matt} 33... Nb6 34. a5 (34. Ba3+ Kf7 35. Qc7+ Ke6 36. Qd6+ Kf7 37.
Qf8+ Ke6 38. Qe8+ Kd5 39. f3 Kxd4 40. Bb4 Nxa4 41. Qe4#) 34... g5 35. axb6 {
Droht Matt} 35... axb6 36. Qh6+ (36. Qc7 g4 37. d5 g3 38. Bg7+ Kg8 39. Bh6
gxh2+ 40. Kxh2 h4 41. Qg7#) 36... Ke7 (36... Ke8 {aendert nichts mehr} 37. d5
Ke7 38. Qe6+ Kf8 39. Bf6 g4 40. Qe7+ Kg8 41. Qg7#) 37. d5 Kd7 38. Qc6+ Ke7 39.
Qe6+ Kf8 40. d6 h4 (40... g4 {aendert nichts am Ausgang der Partie} 41. Qf6+
Ke8 42. Qe7#) 41. Qf6+ Kg8 (41... Ke8 {hilft allerdings auch nicht} 42. Qe7#)
42. Qg7# 1-0

[Event "ICS rated blitz match"]
[Site "207.99.83.229"]
[Date "1999.06.28"]
[Round "?"]
[White "Hossa"]
[Black "knightmare51"]
[Result "1-0"]
[WhiteElo "2388"]
[BlackElo "2148"]
[PlyCount "49"]

1. e4 e6 2. d4 d5 3. Nc3 Nf6 4. Bg5 Bb4 5. e5 h6 6. Bh4 g5 7. Bg3 Ne4 8. Nge2
c5 9. a3 Ba5 10. Rc1 Nxc3 11. Nxc3 Bxc3+ 12. bxc3 Qa5 13. Qd2 b6 14. f4 Ba6 15.
fxg5 hxg5 16. Bxa6 Nxa6 17. O-O cxd4 18. Qxg5 Qxc3 19. Rf3 Qb2 20. Rcf1 Rf8 21.
Rxf7 Rxf7 22. Qg8+ Kd7 23. Rxf7+ Kc6 24. Qxa8+ Kb5 25. Qe8+ {
knightmare51 resigns} 1-0

[Event "ICS rated blitz match"]
[Site "207.99.83.229"]
[Date "1999.06.28"]
[Round "?"]
[White "uranidiot"]
[Black "Hossa"]
[Result "1-0"]
[WhiteElo "2200"]
[BlackElo "2394"]
[PlyCount "115"]

1. c4 e6 2. Nc3 d5 3. d4 Be7 4. Nf3 Nf6 5. Bg5 O-O 6. e3 h6 7. Bh4 b6 8. Bd3 c5
9. dxc5 bxc5 10. cxd5 exd5 11. O-O Bg4 12. h3 Be6 13. Bg3 Nc6 14. Rc1 Qb6 15.
b3 Qb4 16. Nb5 Qa5 17. Nc7 Rad8 18. Nxe6 fxe6 19. Qe2 Nb4 20. Bb1 a6 21. Ne5
Bd6 22. Rfd1 Qc7 23. Ng6 Bxg3 24. fxg3 Rf7 25. a3 Nc6 26. Rxc5 Qb6 27. b4 Nd7
28. Rc3 d4 29. exd4 Nxd4 30. Qe3 e5 31. Kh2 Qf6 32. Be4 Re8 33. Nxe5 Qxe5 34.
Rxd4 Nf6 35. Rcc4 Rfe7 36. Qb3 Kh8 37. Bg6 Qg5 38. Bxe8 Re3 39. Qxe3 Qxe3 40.
Bg6 Qe6 41. Rd8+ Ng8 42. Rcc8 Qa2 43. Bd3 a5 44. Rxg8+ Qxg8 45. Rxg8+ Kxg8 46.
bxa5 Kf7 47. a6 Ke6 48. a7 g5 49. a8=Q Ke5 50. Qc6 Kd4 51. a4 Ke3 52. a5 Kxd3
53. a6 Kd2 54. a7 h5 55. a8=Q h4 56. Qd8+ Ke1 57. Qe6+ Kf1 58. Qf8# {
Hossa checkmated} 1-0

[Event "ICS rated blitz match"]
[Site "207.99.83.229"]
[Date "1999.06.28"]
[Round "?"]
[White "Hossa"]
[Black "Adunaphel"]
[Result "1-0"]
[WhiteElo "2393"]
[BlackElo "2144"]
[PlyCount "93"]

1. e4 c5 2. Nf3 Nc6 3. d4 cxd4 4. Nxd4 Nf6 5. Nc3 e5 6. Ndb5 d6 7. Nd5 Nxd5 8.
exd5 Nb8 9. Bd3 Be7 10. O-O a6 11. Nc3 f5 12. Qh5+ g6 13. Qh3 O-O 14. Bh6 Rf7
15. Be2 Nd7 16. Rae1 b5 17. a3 Nf6 18. Bg5 f4 19. Qf3 Bg4 20. Qd3 Bf5 21. Qd2
Ne4 22. Nxe4 Bxg5 23. Nxg5 Qxg5 24. Bf3 Raf8 25. a4 Bg4 26. Bxg4 Qxg4 27. f3
Qh4 28. Qa5 bxa4 29. Qxa6 Rf5 30. Qxd6 Rh5 31. h3 Qg3 32. Rxe5 Rf7 33. Rxh5
gxh5 34. c4 Rg7 35. Rf2 Qg6 36. Qb8+ Kf7 37. Qxf4+ Kg8 38. Qb8+ Kf7 39. Qb7+
Kg8 40. Qa8+ Kf7 41. Qxa4 Qb1+ 42. Kh2 Qe1 43. Qd7+ Kg8 44. Qc8+ Kf7 45. Qf5+
Kg8 46. Qe4 Qxf2 47. Qe8# {Adunaphel checkmated} 1-0

[Event "ICS Rated blitz match"]
[Site "207.99.83.229"]
[Date "1999.06.28"]
[Round "?"]
[White "j724"]
[Black "Hossa"]
[Result "0-1"]
[WhiteElo "2087"]
[BlackElo "2399"]
[PlyCount "62"]

1. d4 Nf6 2. Nf3 e6 3. Bf4 c5 4. c3 Qb6 5. Qc2 cxd4 6. cxd4 Bb4+ 7. Nbd2 O-O 8.
a3 Bxd2+ 9. Bxd2 d5 10. e3 Bd7 11. Bd3 Rc8 12. Qb1 Bb5 13. b4 Qa6 14. Ke2 Nbd7
15. Bxb5 Qxb5+ 16. Qd3 Qxd3+ 17. Kxd3 Nb6 18. Ne5 Ne4 19. Rhf1 f6 20. Nf3 Nc4
21. Bc1 a5 22. b5 Ncd6 23. a4 Rc3+ 24. Ke2 Rc2+ 25. Nd2 Nc4 26. Rd1 Rc8 27. f3
Nc3+ 28. Kd3 Nxd1 29. Kxc2 Ncxe3+ 30. Kd3 Nc2 31. Rb1 31... Nb4+ {j724 resigns}
0-1

[Event "ICS rated blitz match"]
[Site "207.99.83.229"]
[Date "1999.06.28"]
[Round "?"]
[White "Hossa"]
[Black "zhora"]
[Result "0-1"]
[WhiteElo "2404"]
[BlackElo "2017"]
[PlyCount "85"]

1. e4 d6 2. d4 Nd7 3. Nf3 c5 4. Bd3 cxd4 5. O-O e5 6. c3 dxc3 7. Nxc3 Ngf6 8.
Bg5 Be7 9. Rc1 O-O 10. Bb5 a6 11. Bc4 b5 12. Be2 Bb7 13. Bd3 Rc8 14. Re1 h6 15.
Bxf6 Nxf6 16. Qb3 Qd7 17. Qa3 d5 18. Nxe5 Bxa3 19. Nxd7 Bxb2 20. Nxf8 Bxc1 21.
Rxc1 dxe4 22. Bf1 Kxf8 23. h4 Nd5 24. Ne2 Rxc1 25. Nxc1 Nc3 26. g3 Ke7 27. Be2
Bd5 28. a3 Kd6 29. Bf1 Kc5 30. h5 a5 31. Bg2 b4 32. axb4+ axb4 33. Kf1 b3 34.
Nxb3+ Bxb3 35. Bh3 Be6 36. Bxe6 fxe6 37. Ke1 Kd4 38. Kd2 Nd5 39. Ke2 Nf6 40.
Kd2 Nxh5 41. Ke2 Nf6 42. Ke1 e5 43. Ke2 {Hossa resigns} 0-1

[Event "ICS rated blitz match"]
[Site "207.99.83.229"]
[Date "1999.06.29"]
[Round "?"]
[White "Hossa"]
[Black "topolino"]
[Result "0-1"]
[WhiteElo "2370"]
[BlackElo "2640"]
[PlyCount "145"]

1. e4 e6 2. d4 d5 3. Nc3 Bb4 4. e5 c5 5. a3 Bxc3+ 6. bxc3 Qc7 7. Qg4 f6 8. Bb5+
Kf8 9. Bd2 fxe5 10. Ne2 Nf6 11. Qh4 Bd7 12. Bd3 e4 13. Bf4 Qb6 14. Bc4 dxc4 15.
O-O Ba4 16. Rab1 Qa6 17. Qg5 Nbd7 18. Rb2 Nd5 19. dxc5 Nxc5 20. Be5 Rg8 21. Kh1
Be8 22. Ra2 Qb6 23. Rd1 Rd8 24. Raa1 Ba4 25. Rab1 h6 26. Qg3 Qc6 27. Nd4 Qa6
28. Rd2 Be8 29. Kg1 Ne7 30. Bc7 Rd7 31. Qf4+ Bf7 32. Nb5 g5 33. Qe3 Rxd2 34.
Qxd2 Be8 35. Qd8 Rg7 36. Be5 Rh7 37. Nd6 Qc6 38. Bd4 Qd7 39. Qxe8+ Qxe8 40.
Nxe8 Kxe8 41. Bxc5 Nc6 42. Re1 Rd7 43. h4 Rd5 44. hxg5 Rxc5 45. gxh6 Rh5 46.
Rxe4 Rxh6 47. Rxc4 Ke7 48. Rg4 Kd6 49. f3 Rh5 50. Kf2 Rc5 51. c4 Na5 52. Rd4+
Kc6 53. Re4 Nxc4 54. a4 e5 55. Kg1 Kd5 56. Re1 Nb2 57. Re4 Rxc2 58. Rb4 b6 59.
Kh2 Nd3 60. Rb1 Ra2 61. Kh3 Nf4+ 62. Kh4 Nxg2+ 63. Kg3 Nf4 64. Rb5+ Ke6 65. Rb4
Kf5 66. Kh4 Rh2+ 67. Kg3 Rg2+ 68. Kh4 Ne2 69. Kh3 Rg3+ 70. Kh2 Rxf3 71. a5 Rf2+
72. Kh3 e4 73. Rb5+ {Hossa resigns} 0-1

[Event "ICS Rated standard match"]
[Site "207.99.83.229"]
[Date "1999.06.29"]
[Round "?"]
[White "deck"]
[Black "Hossa"]
[Result "0-1"]
[WhiteElo "2127"]
[BlackElo "2229"]
[PlyCount "190"]

1. e4 e5 2. Nf3 Nc6 3. Bb5 a6 4. Ba4 Nf6 5. O-O Be7 6. c3 Nxe4 7. Re1 Nd6 8.
Nxe5 Nxe5 9. Rxe5 O-O 10. d4 Bf6 11. Re2 Re8 12. Nd2 Re7 13. Nf3 Ne4 14. d5 d6
15. Bc2 Qe8 16. Qe1 Nd2 17. Rxe7 Nxf3+ 18. gxf3 Bxe7 19. Bg5 Bf5 20. Bxf5 Bxg5
21. Qxe8+ Rxe8 22. Kf1 Bf4 23. h3 g6 24. Bd3 Re5 25. c4 c6 26. Re1 cxd5 27.
Rxe5 Bxe5 28. b4 dxc4 29. Bxc4 Kg7 30. a4 Kf6 31. Ke2 Bc3 32. b5 axb5 33. Bxb5
Ke5 34. Kd3 Bb4 35. Ke3 Bc5+ 36. Ke2 Bd4 37. Bd7 d5 38. a5 Kd6 39. Bb5 Kc5 40.
Bd7 Bc3 41. Bc8 Bxa5 42. Bxb7 Bc7 43. Ke3 g5 44. Ba6 Be5 45. Bd3 Bf4+ 46. Ke2
h5 47. Bh7 Kd6 48. Bg8 Ke6 49. Kd3 Kf6 50. Bh7 Ke5 51. Bg8 f6 52. Bf7 h4 53.
Bg6 Ke6 54. Kd4 Kd6 55. Bf7 Be5+ 56. Kd3 Kc5 57. Be6 Bd6 58. Bf5 Bb8 59. Be6
Bc7 60. Bf5 Bf4 61. Be6 Kd6 62. Bf5 Bh2 63. Bg6 Ke6 64. Bh7 Ke5 65. Bg8 f5 66.
Bh7 Bf4 67. Bg6 g4 68. Ke2 gxh3 69. Kf1 d4 70. Be8 d3 71. Ba4 Kd5 72. Bd1 Kc5
73. Bb3 Kb4 74. Bd1 Ka3 75. Kg1 Kb2 76. Ba4 d2 77. Kf1 Kc1 78. Kg1 d1=Q+ 79.
Bxd1 Kxd1 80. Kf1 h2 81. Kg2 h1=Q+ 82. Kxh1 h3 83. Kg1 Ke2 84. Kh1 Kxf3 85. Kg1
h2+ 86. Kh1 Bg5 87. Kxh2 Kxf2 88. Kh1 Bd8 89. Kh2 f4 90. Kh1 f3 91. Kh2 Ke3 92.
Kg1 Ke2 93. Kh2 f2 94. Kh3 f1=Q+ 95. Kg4 95... Qf3# {deck checkmated} 0-1

[Event "ICS Rated blitz match"]
[Site "207.99.83.229"]
[Date "1999.06.29"]
[Round "?"]
[White "Mijko"]
[Black "Hossa"]
[Result "1/2-1/2"]
[WhiteElo "2365"]
[BlackElo "2364"]
[PlyCount "158"]

1. e4 e5 2. Nf3 Nc6 3. Bb5 a6 4. Ba4 Nf6 5. O-O Be7 6. Re1 b5 7. Bb3 O-O 8. a4
Bb7 9. d3 d6 10. Nbd2 Na5 11. Ba2 c5 12. Nf1 bxa4 13. Ng3 Bc8 14. Nd2 Rb8 15.
Ndf1 Bg4 16. f3 Bd7 17. Ne3 Nc6 18. Rf1 Qc8 19. Bc4 Nd4 20. Ra2 Bb5 21. Ngf5
Nxf5 22. Nxf5 Qc7 23. Kh1 Rbe8 24. f4 Bxc4 25. dxc4 Qc6 26. fxe5 dxe5 27. Bg5
Qxe4 28. Ra3 Qc6 29. Nxe7+ Rxe7 30. Bxf6 Re6 31. Bg5 Rg6 32. Rg3 a3 33. bxa3 f6
34. Be3 Rxg3 35. hxg3 Rc8 36. Qd5+ Qxd5 37. cxd5 c4 38. Rd1 Kf7 39. Kg1 f5 40.
Bb6 Ke7 41. Ba5 Re8 42. Bb4+ Kf7 43. d6 Ke6 44. Kf2 Kd7 45. Rd5 Ke6 46. Ra5 Ra8
47. Rc5 a5 48. Bc3 e4 49. Rxa5 Rxa5 50. Bxa5 Kxd6 51. Bc3 g6 52. a4 Kc5 53. a5
g5 54. Ke3 h5 55. Bf6 Kb5 56. Bxg5 Kxa5 57. Kf4 Kb4 58. Bf6 c3 59. Bd4 Kc4 60.
Be3 Kb4 61. Kxf5 Kb5 62. Kxe4 Kc6 63. Kd3 Kd5 64. Kxc3 Ke4 65. Kb4 Kxe3 66. c4
Kd4 67. c5 Kd5 68. Kb5 Ke6 69. Kb6 Kf5 70. c6 h4 71. c7 hxg3 72. c8=Q+ Kf6 73.
Qg4 Ke5 74. Qxg3+ Kf5 75. Qf3+ Kg6 76. Kc5 Kh7 77. Kd6 Kg7 78. Ke6 Kh6 79. Kf6
79... Kh7 {Mijko ran out of time and Hossa has no material to mate} 1/2-1/2

[Event "ICS Rated standard match"]
[Site "207.99.83.229"]
[Date "1999.06.29"]
[Round "?"]
[White "robbok1"]
[Black "Hossa"]
[Result "1-0"]
[WhiteElo "2481"]
[BlackElo "2240"]
[PlyCount "82"]

1. e4 e5 2. Nf3 Nc6 3. d4 exd4 4. Nxd4 Bc5 5. Nb3 Bb4+ 6. c3 Be7 7. c4 f5 8.
exf5 Nf6 9. Nc3 Bb4 10. Bd3 Bxc3+ 11. bxc3 O-O 12. O-O Ne5 13. Re1 Nxd3 14.
Qxd3 Rf7 15. Bg5 Qf8 16. Rad1 Kh8 17. c5 a5 18. a4 Ra6 19. Bf4 Rc6 20. c4 Nh5
21. Be5 Kg8 22. Nxa5 Rxc5 23. Nb3 Rc6 24. c5 Rxf5 25. Nd4 Rxe5 26. Rxe5 Rh6 27.
Qc4+ Kh8 28. Nb5 Nf6 29. Nxc7 Rh5 30. Rxh5 Nxh5 31. Re1 Nf6 32. Nb5 h6 33. Nd6
Kh7 34. Qf7 Qxf7 35. Nxf7 d5 36. cxd6 b6 37. Re7 Bd7 38. Ne5 Bxa4 39. d7 Nxd7
40. Nxd7 b5 41. Nc5 41... Bd1 {Hossa resigns} 1-0

[Event "ICS rated standard match"]
[Site "207.99.83.229"]
[Date "1999.06.29"]
[Round "?"]
[White "Hossa"]
[Black "Jake9999"]
[Result "1-0"]
[WhiteElo "2234"]
[BlackElo "1853"]
[Annotator "Fritz 5.32 (22s)"]
[PlyCount "43"]

1. e4 1... e6 {Opening = C05 - 3.Nd2 Nf6(4.e5 Nfd7 5.Bd3 c5 6.c3 Nc6 7---)} 2.
d4 d5 3. Nd2 Nf6 4. e5 Nfd7 5. Ngf3 c5 6. c3 b6 7. Bd3 Ba6 8. Bxa6 Nxa6 9. O-O
(9. c4 dxc4 10. Nxc4 b5 11. Bg5 Qb8 12. Ne3 cxd4 13. Qxd4 h6 14. Bf4 Qb7 15.
O-O Bc5 16. Qd2 O-O 17. Bxh6 Rfd8 18. Bg5 Rdc8 19. Ng4 Nf8 20. Qe2 Nh7 21. Bf4
Be7 22. Rac1 Nb4 23. a3 23... Nd5 {Lyrberg,P-Kruppa,Y/Minsk 1996/1-0 (42)})
9... f6 $146 {Kontrolliert g5} (9... Be7 10. Qe2 (10. Re1 Qc7 11. a3 O-O 12.
Nf1 cxd4 13. cxd4 Rac8 14. Ne3 b5 15. Qe2 Qb7 16. Ng4 Rc7 17. Bf4 Rfc8 18. Rac1
b4 19. h4 Rxc1 20. Rxc1 Rxc1+ 21. Bxc1 bxa3 22. bxa3 Nc7 23. Qd3 Qb5 24. Qe3
24... Qb1 {Van Hecke,M-Markowska,J/WchW-stud Antwerpen 1992/0-1 (39)}) 10...
Nc7 11. dxc5 bxc5 12. c4 O-O 13. Rd1 f6 14. cxd5 exd5 15. e6 Ne5 16. Nxe5 fxe5
17. Qxe5 Bd6 18. Qh5 Qf6 19. Nf3 Rae8 20. Bd2 Qxe6 21. Re1 Qf7 22. Qxf7+ Kxf7
23. Red1 Ne6 24. Rac1 Rc8 25. Rc3 Rfd8 26. Kf1 d4 27. Rc4 h6 28. Ne1 Bf4 29.
Nd3 Bxd2 30. Rxd2 a5 31. Rdc2 Rd5 32. Ra4 Ra8 33. a3 Ke7 34. b4 cxb4 35. axb4
Nd8 36. Rc7+ Kf6 37. Nc5 Kg6 38. Rxa5 Rxa5 39. bxa5 d3 40. Ke1 Nf7 41. a6 d2+
42. Kd1 Nd6 43. a7 Nb5 44. Ne6 {1-0 Frolov,A-Moskalenko,V/Ukraina-ch 1990 (44)}
) (9... cxd4 10. Nxd4 Nac5 11. f4 $11) 10. c4 {Weiss ergreift die Initiative}
10... cxd4 $16 (10... Nc7 $5 $11 {ist zu beachten}) 11. Nxd4 11... fxe5 $18 (
11... Ndc5 $5 $16) 12. Nxe6 Qf6 13. cxd5 13... Nac5 $4 {
der starke Druck provoziert weitere Fehler} (13... Ndc5 $18 $142) 14. Nc7+ Kf7
15. Nxa8 Bd6 16. Qh5+ g6 17. Qh3 Rxa8 18. b4 e4 (18... Kg8 {
aendert nichts am Ausgang der Partie} 19. bxc5 Nxc5 20. Bb2 $18) 19. Qxh7+ Ke8
20. bxc5 Nxc5 21. Qg8+ Kd7 (21... Bf8 {hilft auch nicht mehr} 22. Ba3 Qg7 23.
Qxg7 Bxg7 24. Rae1 $18) 22. Qxa8 (22. Qxa8 Qe5 23. Qxa7+ Ke8 24. Qh7 Qxa1 25.
Qxg6+ Ke7 26. Nxe4 Bxh2+ 27. Kxh2 Qe5+ 28. Ng3 $18) 1-0

[Event "ICS Rated standard match"]
[Site "207.99.83.229"]
[Date "1999.06.29"]
[Round "?"]
[White "Hossa"]
[Black "RAGINGGOOSE"]
[Result "0-1"]
[WhiteElo "2237"]
[BlackElo "2173"]
[PlyCount "93"]

1. e4 e5 2. Nf3 Nc6 3. d4 exd4 4. Nxd4 Nf6 5. Nxc6 bxc6 6. e5 Qe7 7. Qe2 Nd5 8.
c4 Ba6 9. b3 O-O-O 10. g3 f6 11. e6 dxe6 12. Bh3 f5 13. O-O g6 14. Bb2 Bg7 15.
Re1 Rhe8 16. a3 e5 17. Qc2 Nb6 18. Nd2 Kb8 19. Bg2 e4 20. Bxg7 Qxg7 21. b4 Qd4
22. Nb3 Qxc4 23. Qa2 Qd5 24. Nc5 Bc4 25. Qc2 Qd2 26. Rac1 Rd6 27. Qb1 Red8 28.
a4 Bg8 29. a5 Nc4 30. Rf1 Qb2 31. Na6+ Kc8 32. Rfe1 Qxb1 33. Rxb1 Rd2 34. Rec1
Ne5 35. Bh1 Ba2 36. Ra1 Rb2 37. Rc5 Rd5 38. Rcc1 Rdd2 39. Rc5 Bd5 40. Rc3 Rxf2
41. Re3 Nf3+ 42. Bxf3 exf3 43. Re8+ Kd7 44. Re2 Rbxe2 45. Nc5+ Kc8 46. Ne4 Rxh2
47. Ra2 {Hossa resigns} 0-1

[Event "ICS rated blitz match"]
[Site "207.99.83.229"]
[Date "1999.06.29"]
[Round "?"]
[White "postalex"]
[Black "Hossa"]
[Result "0-1"]
[WhiteElo "2137"]
[BlackElo "2364"]
[Annotator "Fritz 5.32 (22s)"]
[PlyCount "38"]

1. e4 1... e5 {Opening = C26 - 2.Nc3 Nf6(3.Bc4 ---)} 2. Nc3 Nf6 3. g3 d5 4.
exd5 Nxd5 5. Bg2 Nxc3 6. bxc3 Nd7 (6... Bc5 7. d3 O-O 8. Nf3 Nc6 9. O-O Bg4 10.
h3 Bh5 11. Qe2 f5 12. d4 Bd6 13. Qb5 e4 14. Ng5 Qe8 15. h4 h6 16. Nh3 Nxd4 17.
Qd5+ Ne6 18. Qxb7 Rb8 19. Qd5 Rb5 20. Qc4 Rc5 21. Qb3 {
Gallagher,J-Kosten,A/ch-GBR, Hove ENG 1997/0-1 (32)}) (6... Nc6 7. Nf3 Bc5 8.
O-O O-O 9. Re1 h6 10. Rb1 Bb6 11. Ba3 Re8 12. d4 Bg4 13. d5 Na5 14. Qd3 Qf6 15.
Rb4 Bf5 16. Qe2 e4 17. Nh4 Bh7 18. Ra4 e3 19. f4 Qxc3 20. Bb4 Qc4 21. Bf1 Bxc2
22. Rxa5 Qxb4 23. Rb5 Qd2 24. Rb2 Bd3 25. Qxd3 25... e2+ {
0-1 Arakhamia,K-Wells,P/4NCL, Birmingham ENG 1998 (25)}) 7. Nf3 Bd6 8. O-O 8...
c5 $146 (8... O-O 9. d4 Rb8 (9... c6 10. Re1 Qc7 11. Qe2 exd4 12. cxd4 b6 13.
Nh4 Nf6 14. Bg5 Bg4 15. f3 Rae8 16. Qd2 Be6 17. Bxf6 gxf6 18. Qh6 Be7 19. f4
Qd7 20. Rad1 f5 21. Nf3 f6 22. Nh4 Bb4 23. Re2 Bc3 24. Nf3 Bd5 25. Rxe8 Qxe8
26. Kf2 Qe4 27. Rd3 Re8 28. Rxc3 Qe2+ 29. Kg1 Qd1+ 30. Bf1 Bxf3 31. Rxf3 Qxf3
32. Bc4+ {1-0 Teloudis,A-Osterkorn,C/RLNN 1989 (32)}) 10. Re1 f6 11. a4 a5 12.
dxe5 Nxe5 13. Qd5+ Kh8 14. Qxa5 b6 15. Qb5 Bd7 16. Qb3 Ra8 17. Nd4 Ra5 18. f4
Ng4 19. h3 Re8 20. Bd2 Rxe1+ 21. Rxe1 Bxa4 22. Qc4 Nh6 23. Bc6 {
David,S-Marc,R/Cappelle la Grande (France) 1995/1-0 (55)}) 9. d4 9... cxd4 {
Schwarz engt den Gegner ein} 10. cxd4 O-O 11. Re1 exd4 12. Qxd4 Be7 13. Qf4 Bf6
14. Rb1 Qa5 15. Bb2 Qxa2 16. Bxf6 Nxf6 ({Und nicht} 16... gxf6 17. Nd4 Qc4 18.
Bxb7 $16) 17. Nd4 Qa5 18. Re5 $15 (18. Re7 Nd5 19. Qg5 19... Qa2 $15) 18... Qc7
19. Qh4 $4 $19 (19. Rbe1 $15 $142 {haette die Niederlage vermieden}) 19... Qxe5
(19... Qxe5 20. Nf3 20... Qc3 $19) 0-1

[Event "ICS rated blitz match"]
[Site "207.99.83.229"]
[Date "1999.06.29"]
[Round "?"]
[White "Hossa"]
[Black "KillerGrob"]
[Result "0-1"]
[WhiteElo "2371"]
[BlackElo "2723"]
[PlyCount "52"]

1. e4 e5 2. f4 exf4 3. Nf3 d5 4. e5 g5 5. e6 Bxe6 6. h4 g4 7. Ne5 f3 8. gxf3
Be7 9. Qe2 Bxh4+ 10. Kd1 g3 11. Qb5+ Nd7 12. Nxd7 Bxd7 13. Qxb7 Bf6 14. Nc3
Bxc3 15. dxc3 Ne7 16. Bd3 Bc6 17. Qa6 d4 18. Kd2 Qd6 19. cxd4 g2 20. Re1 Rg8
21. d5 g1=Q 22. Rxg1 Rxg1 23. dxc6 Qf4+ 24. Ke2 Rg2+ 25. Ke1 Qh4+ 26. Kf1 26...
Qh1# {Hossa checkmated} 0-1

[Event "ICS rated standard match"]
[Site "207.99.83.229"]
[Date "1999.06.29"]
[Round "?"]
[White "Jake9999"]
[Black "Hossa"]
[Result "0-1"]
[WhiteElo "1850"]
[BlackElo "2220"]
[Annotator "Fritz 5.32 (22s)"]
[PlyCount "41"]

1. d4 1... d5 {Opening = D00 -(2.Nc3 Nf6 3.---)} 2. e4 dxe4 3. Nc3 e5 4. Qh5
Qxd4 (4... Nc6 5. Bb5 exd4 6. Qe5+ Be6 7. Bxc6+ bxc6 8. Nxe4 Qd5 9. Bf4 f6 10.
Qxd5 Bxd5 11. f3 Bxe4 12. fxe4 Bb4+ 13. Ke2 O-O-O 14. Nf3 Ne7 15. Rad1 c5 16.
Kd3 Ba5 17. Kc4 Bb6 18. Rhe1 Rhe8 19. g4 Nc6 20. Re2 Na5+ 21. Kb5 c6+ 22. Ka4
Nc4 23. Kb3 Ne3 24. Bxe3 Rxe4 25. Rd3 c4+ 26. Kxc4 dxe3+ 27. Kc3 Rxg4 28. Rdxe3
28... Bxe3 {0-1 Jensen NJ-Clauser J/cr BDGW FT 1987 (28)}) 5. Be3 5... Qd6 $146
(5... Qb4 6. Qxe5+ Be6 7. Qxc7 Qxb2 8. Rb1 Qxc2 9. Qxb7 Qxc3+ 10. Bd2 Bd5 11.
Bb5+ Bc6 12. Bxc3 {1-0 Diemer Emil-Stapelfeldt/Umkirch [F 1973 (12)}) (5... Nf6
6. Qh4 Qb4 7. O-O-O Be7 8. Bg5 Bf5 9. g4 Bg6 10. Bxf6 Bxf6 11. g5 Bd8 12. Nf3
Nc6 13. Bb5 O-O 14. a3 Qa5 15. Nd2 h6 16. Rhg1 Qb6 17. Nc4 Qc5 18. Rd5 Bxg5+
19. Rxg5 hxg5 20. Qg3 Qe7 21. Nxe5 Nxe5 22. Rxe5 Qd6 23. Nd5 Rad8 24. Kb1 f5
25. Bc4 Kh8 26. h4 g4 27. Nf4 Bh7 28. h5 Rf6 29. Qh4 Bg8 30. Ng6+ Kh7 31. Bxg8+
Rxg8 32. Qg5 Qd1+ 33. Ka2 Qxc2 34. Re7 Qc4+ 35. Ka1 Qd4 36. Rxc7 Rb6 37. Rc2
Qd1+ 38. Rc1 Qe2 39. Rb1 Qxf2 40. Ne7 Rf8 41. Nd5 Rc6 42. Qe7 Qc5 43. Qe5 Qd6
44. Qd4 Rd8 45. Rd1 Qxd5 46. Qxd5 Rxd5 47. Rxd5 47... Rf6 {
0-1 Szenetra,W-Petersson,H/RLN 1982 (47)}) 6. Bc4 g6 7. Qe2 Nf6 8. Rd1 Qb4 9.
Qd2 (9. a3 9... Qe7 $17 (9... Qxb2 $143 10. Nb5 Na6 11. Bc1 Bb4+ 12. axb4 Qxb4+
13. c3 $14)) 9... Be7 10. Bb3 10... Nc6 $15 (10... Bd7 11. a3 Qd6 12. Nd5 Nxd5
13. Bxd5 $17) 11. Nge2 $19 (11. a3 $5 $142 {kam sehr in Betracht} 11... Qa5 12.
Ba4 $17) 11... O-O $17 (11... Na5 12. Ba4+ c6 13. Qc1 $19) 12. O-O (12. a3 Qa5
13. Nd5 Nxd5 14. Bxd5 14... Rd8 $19) 12... Rd8 {
Schwarz fuehrt die Partie kraftvoll zu Ende} 13. Qc1 Nd4 14. Ng3 $19 (14. Nxd4
$5 14... exd4 15. a3 $17) 14... Bg4 15. Bxd4 (15. Rd2 Nxb3 16. axb3 16... a6
$19) 15... exd4 (15... Rxd4 $6 16. Rxd4 exd4 17. Ncxe4 Nxe4 18. Nxe4 $17) (
15... Bxd1 {ist minderwertig} 16. Bxe5 Bxc2 17. Bxc2 $14) 16. Nce2 $6 {
leistet nicht viel} (16. Ncxe4 Bxd1 17. Qxd1 Nxe4 18. Nxe4 $19) 16... d3 17.
cxd3 exd3 18. Qxc7 (18. Nf4 {bietet noch letzte Rettungschancen} 18... d2 19.
Qxc7 $19) 18... dxe2 19. Rxd8+ Rxd8 20. Qc4 (20. Nxe2 {
waere gleichermassen fruchtlos} 20... Bxe2 21. Rc1 21... Bd1 $19) 20... Qxc4
21. Bxc4 0-1